Animal Crossing - les Villageois Lapins [avec image] - Statistiques

Statistiques générales
  • Ce quiz a été pris 19 fois
  • Le résultat moyen est 10 sur 22
Statistiques - réponses
Par images Réponse % Correct
Coco
94%
Alix
65%
Dorothée
65%
Kristine
65%
Nadine
65%
Clara
53%
Rubis
53%
Zoé
53%
Épicure
47%
Tiphaine
47%
Civet
41%
Jeannot
41%
Claude
35%
Doc
35%
Gaston
35%
Nadia
35%
Sylvette
35%
Gaby
29%
Kali
29%
Grisette
24%
Toby
24%
Grignote
18%
Aucun quiz correspondant
Distribution des résultats
% des personnes avec chaque résultat
Percentile par nombre de réponses
Votre historique - résultats
Vous n’avez pas pris ce quiz